Attack On Titan (Shingeki No Kyojin)- Character Quiz - Statistics

General Stats
  • This quiz has been taken 1,297 times
  • The average score is 13 of 15
Answer Stats
Hint Answers % Correct
TITANS Eren
99%
Es Su Casa Mikasa
98%
Arm Out/ Coconut Armin
97%
Horse Face Jean
97%
Potatoes Sasha
97%
Windex Levi
93%
Lesbian Freckles Ymir
93%
Eyebrows Erwin
91%
Avatar Connie
83%
Chicken Nugget Reiner
82%
Nose Annie
80%
EXPERIMENTS Hanji
79%
50% Marco
79%
Goddess Christa
78%
Giraffe Bertoldt
32%
No matching quizzes found
Score Distribution
Percent of People with Each Score
Percentile by Number Answered
Your Score History
You have not taken this quiz